| 000 | 00383 a2200157 4500 | ||
|---|---|---|---|
| 999 |
_c322455 _d322455 |
||
| 001 | 87382 | ||
| 003 | NUST | ||
| 005 | 20180124122950.0 | ||
| 008 | 180124b xxu||||| |||| 00| 0 eng d | ||
| 082 | _a050.9541 MOF | ||
| 100 |
_aMinistry of Foreign Affair _99124 |
||
| 245 |
_aForeign Office Year book 2009-2010 _hEnglish |
||
| 250 | _a1 | ||
| 260 |
_aIslamabad _bMOF _c2009 |
||
| 300 | _a92 | ||
| 500 | _aGeneral Books | ||
| 505 | _aGifted Books | ||
| 942 |
_aCAE NUST _cBK _k050.9541 MOF _2ddc |
||